000 00486nam a2200181Ia 4500
005 20250423100120.0
008 250422s9999 xx 000 0 und d
020 _a9789788098652
050 _aP 92.N5 .C53/
100 _aCiboh, Rodney
245 0 _aMass media in Nigeria: Perspectives on growth and development
260 _aMakurdi
260 _bAboki
260 _c2007
300 _a363 p
650 _aMass media--Nigeria. Mass media and history--Nigeria.
942 _cBK
999 _c32331
_d32331